000 01501naa a22004457a 4500
001 BR7900262
003 BR-BrBNA
005 20240918174307.0
007 ta
008 230509b bl.||||| |||| 00| 0 por d
040 _aBR-BrBNA
_bpor
_cBiblioteca Nacional de Agricultura
041 _a(Pt)
072 _aH50; F60
_b0120
090 _aH50 BR7900262
100 1 _aMalavolta, E.
100 1 _aRapchan, V.M.
100 1 _aOliveira, G.D. de
100 1 _aCastro, A.M.G. de
100 1 _aSouza, A. de P.
100 1 _aLopes, H.S.
100 1 _aSobral, L.F.
100 1 _aLovato, L.A.
100 1 _aMenezes, M.
100 1 _aTisseli Filho, O.
111 1 _a11. Reuniao Brasileira de Milho e Sorgo
_cPiracicaba, SP (Brazil)
_d26 Jul 1976
245 1 _aEstudos sobre a nutricao mineral do milho; 1: Deficiencias de macronutrientes em variedade piranao [Zea mays, fertilizante, NPK]
260 3 _aPiracicaba, SP (Brasil):
_c1978.
500 _aAnais da 11. Reuniao Brasileira de Milho e Sorgo Piracicaba, SP (Brasil): 1978. p. 311-319 (BR7900262-AM)H50
650 _aMILHO
650 _aDEFICIENCIA NUTRICIONAL
650 _aFERTILIZANTE
650 _aNPK
650 _aDEFICIENCIA MINERAL
650 _aMACROELEMENTO
650 _aNUTRIENTE MINERAL
650 _aANALISE QUIMICA
773 0 _tAnais da 11. Reuniao Brasileira de Milho e Sorgo
_wH50 BR7900262
_gPiracicaba, SP (Brasil), 1978. p. 311-319
909 _a202404
_bLucia
_c55
_dLucia Elande
942 _cAM
_2AGRIS
999 _c310177
_d310177